| 000 | 00000nam##2200000za#4500 |
| 001 | 9.601683 |
| 003 | CaOODSP |
| 005 | 20210624210205 |
| 007 | cr ||||||||||| |
| 008 | 150406|2006||||xxc|||||o f|0| 0 fre|d |
| 040 | |aCaOODSP|bfre |
| 043 | |an-cn--- |
| 086 | 1 |aYC17-0/391-2F-PDF |
| 110 | 1 |aCanada. |bParlement. |bSénat. |bComité sénatorial permanent des affaires sociales, des sciences et de la technologie. |
| 245 | 10|aDe l'ombre à la lumière : |h[ressource électronique]|bla transformation des services concernant la santé mentale, la maladie mentale et la toxicomanie au Canada / |cL'honorable Michael J.L. Kirby, président ; l'honorable Wilbert Joseph Keon, vice-président. |
| 246 | 1 |aRapport final au sujet de la santé mentale, la maladie mentale et la toxicomanie |
| 260 | |aOttawa - Ontario : |bSénat. |cMai 2006. |
| 300 | |a340p., 286p.|bfigures, références, tableaux |
| 490 | 1 |aRapport du Comité sénatorial permanent des Affaires sociales, des sciences et de la technologie|v39e législature, 1re session, [2e rapport] |
| 590 | |a11-12-Supp|b2011-07-29 |
| 775 | 08|tOut of the shadows at last : |w(CaOODSP)9.571040 |
| 830 | #0|aRapport du Comité sénatorial permanent des affaires sociales, des sciences et de la technologie ;|v39e législature, 1re session, [2e rapport]|w(CaOODSP)9.501656 |
| 856 | 40|ahttp://publications.gc.ca|qPDF|s1.36 Mo|uhttps://publications.gc.ca/collections/collection_2011/sen/yc17-0/YC17-0-391-2-1-fra.pdf |
| 856 | 40|ahttp://publications.gc.ca|qPDF|s1.05 Mo|uhttps://publications.gc.ca/collections/collection_2011/sen/yc17-0/YC17-0-391-2-2-fra.pdf|y39e législature, 1re session, [2e rapport] |